000 00541nam a2200157 i 4500
001 121872
003 ES-MaACL
005 20230906191841.0
007 t|
008 070214n19001980sp r ||||1| spa d
245 0 0 _aPlus familiar (puntos)
_b: cuadernos de Instrucciones y Formularios para la redacción del Libro de Actas y demás documentos.
260 _aValladolid :
_bLegislación Laboral Vigente,
_c[19__?]
300 _a6 p. ;
_c21 cm.
650 4 _aSubsidios familiares-
_zEspaña.
_9165583
852 _aES-MaACL
_j2023-F-4
_bR.41657
999 _c121872
_d121872